000 00855nam a2200241Ia 4500
003 OSt
005 20220923211548.0
006 a|||||r|||| 00| 0
007 ta
008 Pun
020 _a9789384138950 (hbk)
_c500
024 _a324,090
037 _b1009, 15/01/2018, H.K. Prakashan
_cTextual
040 _aARTS
_cARTS
_bPun
041 _2Pun
_aPun
082 _az7, 153Q6
100 _aਕੌਰੋ੍ਵ, ਜੋਗਿੰਦਰ ਸਿੰਘ, ਂਚ.
_9159445
245 0 _aਵਾਦ-ਕੋF* ਸਾਹਿਤ, ਕਲਾ ਅਤੇ ਵਿਗਿਆਨ
260 _aਅੰਮ੍ਰਿਤਸਰ
_b ਕੇ. ਜੀ.ਗ੍ਰਾਖ਼ਿਕਸ
_c2016
300 _a412ਪੰ
_ccm.
942 _hz7, 153Q6
_cTEXL
_2CC
999 _c300798
_d300798